| 000 | 01117cam a22003377a 4500 | ||
|---|---|---|---|
| 999 |
_c532021 _d532021 |
||
| 001 | 14196550 | ||
| 003 | NUST | ||
| 005 | 20191106131509.0 | ||
| 008 | 051212s2007 onca 001 0 eng d | ||
| 010 | _a 2005938474 | ||
| 020 | _a0534494838 (hb) | ||
| 020 | _a9780534494834 (hb) | ||
| 035 | _a(OCoLC)ocm70531748 | ||
| 038 | _aMSOHAIL | ||
| 040 |
_aHKP _cHKP _dCUS _dORE _dTXA _dBAKER _dYDXCP _dDLC |
||
| 042 | _alccopycat | ||
| 050 | 0 | 0 |
_aTC160 _b.C78 2007 |
| 082 | _a0 | ||
| 100 | 1 |
_aCruise, James F. _925282 |
|
| 245 | 1 | 0 |
_aElementary hydraulics / _cJames F. Cruise, Mohsen M. Sherif, Vijay P. Singh. |
| 260 |
_aToronto, Ont. : _bThomson/Nelson, _cc2007. |
||
| 300 |
_axv, 560 p. : _bill. ; _c24 cm. |
||
| 504 | _aIncludes bibliographical references and index. | ||
| 650 | 0 |
_aHydraulics. _9560 |
|
| 700 | 1 |
_aSherif, M. M. _q(Mohsen M.) _925283 |
|
| 700 | 1 |
_aSingh, V. P. _q(Vijay P.) _925284 |
|
| 906 |
_a7 _bcbc _ccopycat _d3 _encip _f20 _gy-gencatlg |
||
| 942 |
_2ddc _cBK |
||